Campeões Mundiais de Clubes - Statistics

Estatísticas Gerais
  • Esse quiz foi jogado 58 vezes
  • A pontuação média é 58 de 67
Estatísticas das Respostas
Hint Resposta % Correto
2009 Barcelona
100%
2011 Barcelona
100%
2015 Barcelona
100%
1960 Real Madrid
100%
1998 Real Madrid
100%
2002 Real Madrid
100%
2014 Real Madrid
100%
2016 Real Madrid
100%
2017 Real Madrid
100%
2018 Real Madrid
100%
2022 Real Madrid
100%
2024 Real Madrid
100%
1976 Bayern de Munique
98%
2001 Bayern de Munique
98%
2013 Bayern de Munique
98%
2020 Bayern de Munique
98%
2021 Chelsea
98%
2025 Chelsea
98%
1999 Manchester United
98%
2008 Manchester United
98%
2000 Corinthians
96%
2012 Corinthians
96%
2023 Manchester City
96%
2025 Paris Saint-Germain
96%
1987 Porto
96%
2004 Porto
96%
1992 São Paulo
96%
1993 São Paulo
96%
2005 São Paulo
96%
1981 Flamengo
94%
2006 Internacional
94%
2019 Liverpool
94%
1969 Milan
94%
1989 Milan
94%
1990 Milan
94%
2007 Milan
94%
1977 Boca Juniors
90%
2000 Boca Juniors
90%
2003 Boca Juniors
90%
1986 River Plate
90%
1962 Santos
90%
1963 Santos
90%
1983 Grêmio
86%
1961 Peñarol
82%
1966 Peñarol
82%
1982 Peñarol
82%
1972 Ajax
80%
1995 Ajax
80%
1964 Internazionale
80%
1965 Internazionale
80%
2010 Internazionale
80%
2026 Arsenal
78%
1974 Atlético de Madrid
76%
1985 Juventus
76%
1996 Juventus
76%
1997 Borussia Dortmund
74%
1973 Independiente
74%
1984 Independiente
74%
1971 Nacional do Uruguai
70%
1980 Nacional do Uruguai
70%
1988 Nacional do Uruguai
70%
1968 Estudiantes
66%
1991 Estrela Vermelha
62%
1967 Racing
56%
1994 Vélez Sarsfield
52%
1979 Olimpia
48%
1970 Feyenoord
42%
Nenhum quiz correspondente encontrado
Distribuição das Pontuações
Porcentagem de Pessoas com Cada Pontuação
Percentil de Números Respondidos
Sua Pontuação Histórica
Você não jogou esse quiz